00523 2200205 4500001002100000005001500021035002000036245005900056100002700115250000600142300003100148260003600179082001200215084001800227020001800245600002700263990000900290990000900299990000900308INLIS00000000000003820251014082039 a0010-10250000241 aPedoman Beternak Sapi Potong /cTim Karya Tani Mandiri0 aTim Karya Tani Mandiri a1 aviii + 144hlm. ;c19,5 cm. aBandung :bNuansa Aulia,c2009. a632.213 a632.213 TIM p a9789790710382 4aTim Karya Tani Mandiri a1607 a1608 a1609